Moje první abeceda : figurky a dekorace z papíru /

Hlavní autor: Pedevilla, Pia
Další autoři: Langrová, Petra
Jazyk: Čeština
Vydáno: Ostrava : Anagram, 2002
Vydání: České vyd.
Edice: Topp
Témata:
Fyzický popis: 32 s. : barev. il. ; 21 cm + 1 složená obr. předloha
Knihy
Uloženo v:
LEADER 01508nam a2200445 a 4500
001 000597795
003 CZ BrMZK
005 20091214142022.0
007 ta
008 020502s2002 xr af b f 000 0 cze d
015 |a cnb001120751 
020 |a 80-86331-43-1 
035 |a (OCoLC)51187010 
040 |a BOA001  |b cze 
041 1 |a cze  |h ger 
072 7 |a 821-93  |x Literatura pro děti a mládež (beletrie)  |2 Konspekt  |9 26 
072 7 |a 74  |x Kresba. Umělecká řemesla  |2 Konspekt  |9 21 
080 |a 745.54  |2 MRF 
080 |a 688.72  |2 MRF 
080 |a 688.76  |2 MRF 
080 |a (035)  |2 MRF 
080 |a (0.053.2)  |2 MRF 
100 1 |a Pedevilla, Pia  |7 mzk2003181777  |4 aut 
245 1 0 |a Moje první abeceda :  |b figurky a dekorace z papíru /  |c [Pia Pedevilla ; překlad Petra Langrová] 
250 |a České vyd. 
260 |a Ostrava :  |b Anagram,  |c 2002 
300 |a 32 s. :  |b barev. il. ;  |c 21 cm +  |e 1 složená obr. předloha 
490 1 |a Topp ;  |v 2439 
500 |a Přeloženo z němčiny 
650 0 7 |a dekorace  |7 ph114297  |2 czenas 
650 0 7 |a výtvarné práce z papíru  |7 ph135229  |2 czenas 
650 0 7 |a figurky  |7 ph129162  |2 czenas 
655 7 |a příručky  |7 fd133209  |2 czenas 
655 7 |a publikace pro děti  |7 fd133156  |2 czenas 
700 1 |a Langrová, Petra  |7 mzk2003181776  |4 trl 
765 0 |t Lustige Alphabet  |9 Česky 
830 0 |a Topp  |0 s 
910 |a BOA001  |b 2-1102.763 
990 |a BK 
996 6 |b 2610160471  |c 2-1102.763  |l MZK  |r Sklad / do 1 hodiny  |n 2  |p p.v.  |w 000597795  |u 000010  |a 1  |e BOA001  |j MZK50  |s P